000 00303nam a22001217a 4500
020 _a9780071070140
082 _a530
_bRAJ/EN
100 _aRajendran V.
_91205
245 _aEngineering Physics
260 _aNew Delhi
_bTata McGraw- Hill Publishing Company Limited
_c2011
300 _a27.34
942 _cBK
999 _c14682
_d14682